000 00727nam a2200253Ia 4500
003 OSt
005 20220925204157.0
006 a|||||r|||| 00| 0
007 ta
008 220923b |||||||| |||| 00| 0 eng d
020 _a9220113295
037 _cGeneral Book
040 _aRTL
_cRTL
_beng
041 _2eng
_aeng
082 _aX:9.1sn1N46,N, N9.9/UN
110 _aINTERNATIONAL LABOUR ORGANIZATION
_9127364
245 0 _aSounrces and methods labour statistics.
260 _aGeneva
_bILO
_c1999
300 _axiv,499p.
_ccm.
490 _vVol.9;14
700 _aINTERNATIONAL LABOUR ORGANIZATION
_9127365
942 _hX:9.1sn1N46,N, N9.9/UN
_cGB
_2CC
999 _c548709
_d548709